[Event "Bielefelder SK 1 - Oberhausener SV 1"]
[Site "NRW-Klasse, Gruppe 1 2013/201"]
[Date "2014.04.27"]
[Round "9.8"]
[White "Gruettemeier, Uwe"]
[Black "Mroczek, Mathias"]
[Result "0-1"]
[WhiteElo "2060"]
[BlackElo "2004"]
[PlyCount "110"]
[EventDate "2014.??.??"]
[WhiteTeam "Bielefelder SK 1"]
[BlackTeam "Oberhausener SV 1"]

1. d4 e6 2. c4 Bb4+ 3. Bd2 Qe7 4. Qb3 Bxd2+ 5. Nxd2 d6 6. g3 e5 7. dxe5 dxe5 8.
Bg2 c6 9. Ngf3 Nf6 10. O-O O-O 11. Qc2 e4 12. Ng5 e3 13. Nde4 Nxe4 14. Nxe4 Bf5
15. f3 Bxe4 16. fxe4 Nd7 17. Qc3 Ne5 18. c5 Rad8 19. Rad1 f6 20. Bh3 Rd2 21.
Rxd2 exd2 22. Rd1 Rd8 23. b4 Nf7 24. Rxd2 Qxe4 25. Rxd8+ Nxd8 26. Qd2 Qe7 27.
Qd4 Nf7 28. Qd7 Qxd7 29. Bxd7 Ne5 30. Bc8 b6 31. cxb6 axb6 32. a4 c5 33. bxc5
bxc5 34. a5 Nc6 35. a6 Kf7 36. Bb7 Na7 37. Kf2 Ke6 38. Ke3 Kd6 39. Ke4 Nb5 40.
Kd3 Kc7 41. Kc4 Kb6 42. Kd5 Nd4 43. e3 Nc2 44. e4 Ne3+ 45. Ke6 c4 46. e5 c3 47.
Be4 fxe5 48. Kxe5 c2 49. Bxc2 Nxc2 50. Ke6 Ne3 51. Kf7 g5 52. Kg7 g4 53. Kxh7
Nf1 54. Kg6 Nxh2 55. Kf5 Kxa6 0-1

[Event "SK Königsspringer Iserlohn 1 - SF Kater"]
[Site "NRW-Klasse, Gruppe 1 2013/201"]
[Date "2014.04.27"]
[Round "9.1"]
[White "Rosen, Bernd"]
[Black "Scheider, Julian"]
[Result "1/2-1/2"]
[WhiteElo "2237"]
[BlackElo "2254"]
[PlyCount "37"]
[EventDate "2014.??.??"]
[WhiteTeam "SF Katernberg 2"]
[BlackTeam "SK Königsspringer Iserlohn 1"]

1. Nf3 Nf6 2. c4 g6 3. g3 Bg7 4. Bg2 O-O 5. O-O c6 6. d4 d5 7. Qb3 Qb6 8. Nc3
Be6 9. c5 Qa6 10. Qb4 Re8 11. Re1 b6 12. Bf4 Nbd7 13. cxb6 axb6 14. Ng5 Bf5 15.
e4 dxe4 16. Ngxe4 Bxe4 17. Nxe4 Nd5 18. Qd2 N7f6 19. a3 1/2-1/2

[Event "SK Königsspringer Iserlohn 1 - SF Kater"]
[Site "NRW-Klasse, Gruppe 1 2013/201"]
[Date "2014.04.27"]
[Round "9.2"]
[White "Schmuecker, Marcus"]
[Black "Villwock, Martin"]
[Result "1-0"]
[WhiteElo "2199"]
[BlackElo "2183"]
[PlyCount "95"]
[EventDate "2014.??.??"]
[WhiteTeam "SK Königsspringer Iserlohn 1"]
[BlackTeam "SF Katernberg 2"]

1. Nf3 c5 2. g3 Nc6 3. Bg2 e5 4. c4 g6 5. Nc3 Bg7 6. O-O Nge7 7. a3 O-O 8. Rb1
a5 9. Ne1 d6 10. Nc2 f5 11. Ne3 f4 12. Ned5 g5 13. e3 Be6 14. d3 Ng6 15. Bd2
Bh6 16. b4 axb4 17. axb4 Rf7 18. bxc5 dxc5 19. Rb5 Qf8 20. Qh5 fxg3 21. hxg3 e4
22. Bxe4 Nce5 23. f4 Nh4 24. Rxb7 Nhf3+ 25. Bxf3 Nxf3+ 26. Qxf3 Rxb7 27. Nf6+
Qxf6 28. Qxb7 Rf8 29. Nd5 Qf7 30. Qxf7+ Rxf7 31. fxg5 Bxg5 32. Rxf7 Kxf7 33.
Kf2 Bf5 34. e4 Bxd2 35. exf5 Bc1 36. Kf3 Bb2 37. g4 h6 38. Ke4 Bd4 39. Nf4 Bg1
40. Ne6 Kf6 41. d4 cxd4 42. Nxd4 Bh2 43. Ne6 Ke7 44. c5 Bg3 45. c6 Kd6 46. c7
Kd7 47. f6 Bd6 48. Kf5 1-0

[Event "SK Königsspringer Iserlohn 1 - SF Kater"]
[Site "NRW-Klasse, Gruppe 1 2013/201"]
[Date "2014.04.27"]
[Round "9.3"]
[White "Valkyser, Martin"]
[Black "Eckardt, Joshua"]
[Result "1/2-1/2"]
[WhiteElo "2198"]
[BlackElo "2039"]
[PlyCount "28"]
[EventDate "2014.??.??"]
[WhiteTeam "SF Katernberg 2"]
[BlackTeam "SK Königsspringer Iserlohn 1"]

1. d4 Nf6 2. c4 e6 3. g3 d5 4. Nf3 Be7 5. Bg2 O-O 6. O-O Nbd7 7. Qc2 c6 8. Nbd2
b6 9. e4 Bb7 10. e5 Ne8 11. Re1 Nc7 12. b3 Rc8 13. Bb2 c5 14. Rad1 Ba8 1/2-1/2

[Event "SK Königsspringer Iserlohn 1 - SF Kater"]
[Site "NRW-Klasse, Gruppe 1 2013/201"]
[Date "2014.04.27"]
[Round "9.4"]
[White "Franke, Thomas"]
[Black "Rosen, Willy"]
[Result "1-0"]
[WhiteElo "2055"]
[BlackElo "2183"]
[PlyCount "57"]
[EventDate "2014.??.??"]
[WhiteTeam "SK Königsspringer Iserlohn 1"]
[BlackTeam "SF Katernberg 2"]

1. e4 c5 2. Nf3 Nc6 3. c3 Nf6 4. e5 Nd5 5. d4 cxd4 6. cxd4 d6 7. Bc4 Nb6 8. Bb3
dxe5 9. d5 Na5 10. Nc3 f6 11. O-O Bd7 12. Be3 Nac4 13. Qe2 Nd6 14. Nd2 g6 15.
f4 exf4 16. Bxf4 Nbc8 17. Bxd6 Nxd6 18. Rxf6 Qb6+ 19. Kh1 Bg7 20. Na4 Bxf6 21.
Nxb6 axb6 22. Ne4 Nxe4 23. Qxe4 Bf5 24. Qb4 Rd8 25. Re1 Kf8 26. Qxb6 Rd7 27.
Qb4 Kg7 28. g4 Bd3 29. g5 1-0

[Event "SK Königsspringer Iserlohn 1 - SF Kater"]
[Site "NRW-Klasse, Gruppe 1 2013/201"]
[Date "2014.04.27"]
[Round "9.5"]
[White "Wessendorf, Thomas"]
[Black "Messarius, Juergen"]
[Result "1-0"]
[WhiteElo "2181"]
[BlackElo "2173"]
[PlyCount "81"]
[EventDate "2014.??.??"]
[WhiteTeam "SF Katernberg 2"]
[BlackTeam "SK Königsspringer Iserlohn 1"]

1. e4 e6 2. d4 d5 3. Nd2 Nc6 4. Ngf3 Nf6 5. e5 Nd7 6. Be2 f6 7. exf6 Qxf6 8.
Nf1 Bd6 9. Ne3 O-O 10. O-O Qg6 11. b3 Nf6 12. c4 Ne4 13. Bb2 Bd7 14. cxd5 exd5
15. Ne5 Nxe5 16. dxe5 Bc5 17. Bd4 Bxd4 18. Qxd4 c6 19. Bd3 Qf7 20. Bxe4 dxe4
21. Qxe4 Rae8 22. f4 Qe7 23. Rad1 g6 24. Rd2 Be6 25. Rd6 Kh8 26. Qd4 a5 27. Qc5
a4 28. bxa4 Bxa2 29. Ng4 Be6 30. Nf6 Ra8 31. a5 Rf7 32. Rfd1 Kg7 33. Qc3 h6 34.
h3 Rc8 35. Rb1 Kf8 36. Qb4 Kg7 37. Qc5 Ra8 38. Rb6 Rd8 39. a6 Rxd6 40. Qxd6
Qxd6 41. Ne8+ 1-0

[Event "SK Königsspringer Iserlohn 1 - SF Kater"]
[Site "NRW-Klasse, Gruppe 1 2013/201"]
[Date "2014.04.27"]
[Round "9.6"]
[White "Klauke, Stefan"]
[Black "Gassmann, Volker"]
[Result "0-1"]
[WhiteElo "2060"]
[BlackElo "2140"]
[Annotator "Doe,John"]
[PlyCount "114"]
[EventDate "2014.??.??"]
[WhiteTeam "SK Königsspringer Iserlohn 1"]
[BlackTeam "SF Katernberg 2"]

1. e4 Nf6 2. e5 Nd5 3. Bc4 Nb6 4. Bb3 d5 5. exd6 cxd6 6. d4 d5 7. Bf4 Bf5 8.
Nf3 e6 9. O-O Be7 10. c3 Nc6 11. Nbd2 O-O 12. Re1 Rc8 13. Nf1 Na5 14. Ne3 Bg6
15. Ne5 Nxb3 16. axb3 a6 17. Bg3 Nd7 18. Nxg6 hxg6 19. Qe2 Nf6 20. Bh4 Qb6 21.
b4 $11 Bd6 22. Bxf6 gxf6 23. Rf1 Qc7 24. g3 Kg7 25. f4 Rh8 26. Rf2 Rh7 27. Qg4
f5 28. Qe2 Rch8 29. Nf1 g5 30. fxg5 Rh5 31. Qe3 Kg6 32. Qd3 Rxg5 33. Nd2 Kg7
34. Nf3 Rg4 35. Rg2 Kf6 36. Rf1 Ke7 37. b5 axb5 38. Qxb5 Ra8 39. Re1 Re4 40.
Rf1 Qc6 41. Qxc6 bxc6 42. Rd1 c5 43. Kf1 c4 44. h3 f6 45. Kf2 Rb8 46. Rb1 f4
47. gxf4 Bxf4 48. Rg7+ Kd6 49. Rg6 Ke7 50. Rg7+ Kf8 51. Rh7 Be3+ 52. Kg3 Kg8
53. Re7 Kh8 54. h4 Rg8+ 55. Kh3 Reg4 56. Ng5 Bxg5 57. Kxg4 f5+ 0-1

[Event "SK Königsspringer Iserlohn 1 - SF Kater"]
[Site "NRW-Klasse, Gruppe 1 2013/201"]
[Date "2014.04.27"]
[Round "9.7"]
[White "Nautsch, Werner"]
[Black "Kramps, Rene"]
[Result "0-1"]
[WhiteElo "2102"]
[BlackElo "2068"]
[PlyCount "62"]
[EventDate "2014.??.??"]
[WhiteTeam "SF Katernberg 2"]
[BlackTeam "SK Königsspringer Iserlohn 1"]

1. d4 c5 2. d5 f5 3. c4 Nf6 4. Nc3 g6 5. Be3 d6 6. Qd2 h6 7. f3 Bg7 8. Nh3 Nbd7
9. Nf4 Ne5 10. b3 a6 11. Nd3 Nxd3+ 12. exd3 b5 13. d4 cxd4 14. Bxd4 bxc4 15.
Bxc4 O-O 16. O-O Nd7 17. Rfe1 Rf7 18. Na4 Kh7 19. b4 Rb8 20. Rab1 Bxd4+ 21.
Qxd4 Ne5 22. Bf1 g5 23. f4 gxf4 24. Qxf4 Rg7 25. h3 Bd7 26. Nc3 Qb6+ 27. Kh1
Rbg8 28. Rbd1 Rg3 29. Ne2 Nf3 30. Rd4 Qxd4 31. Nxd4 Rxh3+ 0-1

[Event "SK Königsspringer Iserlohn 1 - SF Kater"]
[Site "NRW-Klasse, Gruppe 1 2013/201"]
[Date "2014.04.27"]
[Round "9.8"]
[White "Wagner, Mirco"]
[Black "Schmitz, Edgar"]
[Result "1/2-1/2"]
[WhiteElo "1942"]
[BlackElo "1923"]
[PlyCount "47"]
[EventDate "2014.??.??"]
[WhiteTeam "SK Königsspringer Iserlohn 1"]
[BlackTeam "SF Katernberg 2"]

1. Nf3 Nf6 2. c4 g6 3. Nc3 d5 4. cxd5 Nxd5 5. Qb3 e6 6. e4 Ne7 7. d4 Bg7 8. Be3
O-O 9. Be2 c6 10. O-O Nd7 11. Rfd1 Qa5 12. Nd2 e5 13. Nc4 Qc7 14. d5 cxd5 15.
exd5 Nf5 16. Nb5 Qd8 17. Nxa7 Nxe3 18. Qxe3 f5 19. Nxc8 Rxc8 20. Rac1 e4 21. b4
Qh4 22. g3 Qh3 23. Bf1 Qh5 24. Be2 1/2-1/2

[Event "PSV Duisburg 1 - SG Bochum 2"]
[Site "NRW-Klasse, Gruppe 1 2013/201"]
[Date "2014.04.27"]
[Round "9.1"]
[White "Kotainy, Jens"]
[Black "Fleck, Juergen"]
[Result "1-0"]
[WhiteElo "2326"]
[BlackElo "2325"]
[PlyCount "99"]
[EventDate "2014.??.??"]
[WhiteTeam "SG Bochum 2"]
[BlackTeam "PSV Duisburg 1"]

1. e4 c5 2. c3 d5 3. exd5 Qxd5 4. d4 g6 5. Nf3 Bg7 6. Na3 Nf6 7. Bc4 Qe4+ 8.
Be3 O-O 9. O-O cxd4 10. Bxd4 Nc6 11. Re1 Qf5 12. Qe2 Qh5 13. h3 a6 14. Nc2 b5
15. Bd3 Nxd4 16. Ncxd4 Re8 17. a4 b4 18. cxb4 Bb7 19. b5 e5 20. Nxe5 Qxe2 21.
Rxe2 Nd5 22. Nef3 Rxe2 23. Bxe2 Nf4 24. Bc4 axb5 25. Bxb5 Nxg2 26. a5 Nh4 27.
Nxh4 Bxd4 28. a6 Bc8 29. Ra2 Bxh3 30. Bc6 Ra7 31. b4 Be6 32. Ra4 Rc7 33. b5 Bb6
34. Nf3 Kf8 35. Bb7 Rc1+ 36. Kg2 Rb1 37. Nd4 Bd7 38. a7 Bxa7 39. Rxa7 Bxb5 40.
Bd5 Be8 41. Nf3 Rb5 42. Ba2 Kg7 43. Kg3 Kf6 44. Rc7 g5 45. Nd2 Re5 46. f3 Kg6
47. Ne4 f5 48. Nd6 Kh6 49. Bf7 Ba4 50. Bg8 1-0

[Event "PSV Duisburg 1 - SG Bochum 2"]
[Site "NRW-Klasse, Gruppe 1 2013/201"]
[Date "2014.04.27"]
[Round "9.2"]
[White "Schiffer, Kai-Uwe"]
[Black "Dahm, Jochen"]
[Result "1-0"]
[WhiteElo "2219"]
[BlackElo "2236"]
[PlyCount "97"]
[EventDate "2014.??.??"]
[WhiteTeam "PSV Duisburg 1"]
[BlackTeam "SG Bochum 2"]

1. e4 c5 2. Nf3 d6 3. d4 cxd4 4. Nxd4 Nf6 5. Nc3 a6 6. f3 e5 7. Nb3 Be6 8. Be3
Be7 9. Qd2 O-O 10. O-O-O a5 11. Kb1 a4 12. Nc1 Ra5 13. Bb5 a3 14. b3 Qc7 15.
Bd3 Qc6 16. N3e2 Ra8 17. c4 Na6 18. Nc3 Nc5 19. Nd5 Bxd5 20. cxd5 Qd7 21. Ne2
Rfc8 22. Rc1 b5 23. Rc2 Qb7 24. Rhc1 Nfd7 25. b4 Rcb8 26. Ka1 Nxd3 27. Qxd3 Bd8
28. Rc6 Ra6 29. Rxa6 Qxa6 30. Rc6 Qa4 31. Qb3 Qxb3 32. axb3 Be7 33. Rc7 Kf8 34.
Rxd7 Rc8 35. Ra7 Rc2 36. Ra8+ Bd8 37. Bb6 Rxe2 38. Bxd8 f6 39. Bc7+ Ke7 40. Ra6
Rxg2 41. Bxd6+ Kd7 42. Bc5 Rxh2 43. Ra7+ Kc8 44. Rxg7 h5 45. Rh7 h4 46. d6 Rd2
47. Rxh4 Kd7 48. Rh7+ Ke8 49. d7+ 1-0

[Event "PSV Duisburg 1 - SG Bochum 2"]
[Site "NRW-Klasse, Gruppe 1 2013/201"]
[Date "2014.04.27"]
[Round "9.3"]
[White "Tkachuk, Konstantyn"]
[Black "Schmitz, Joachim"]
[Result "1-0"]
[WhiteElo "2221"]
[BlackElo "2232"]
[PlyCount "115"]
[EventDate "2014.??.??"]
[WhiteTeam "SG Bochum 2"]
[BlackTeam "PSV Duisburg 1"]

1. e4 c5 2. Nf3 d6 3. d4 cxd4 4. Nxd4 Nf6 5. Nc3 a6 6. Bg5 Nbd7 7. f4 e6 8. Qf3
Qc7 9. O-O-O Be7 10. g4 b5 11. Bxf6 Nxf6 12. g5 Nd7 13. f5 Bxg5+ 14. Kb1 Ne5
15. Qh5 Qd8 16. Nxe6 Bxe6 17. fxe6 g6 18. exf7+ Kxf7 19. Qe2 Kg7 20. Bh3 Re8
21. Rhf1 Ra7 22. Nd5 Rf8 23. Be6 Qe8 24. Rxf8 Qxf8 25. Rf1 Qe8 26. Qf2 Rb7 27.
Nf4 Bxf4 28. Bd5 Rb8 29. Qa7+ Kh8 30. Rxf4 Qd8 31. a3 a5 32. h4 b4 33. a4 Rc8
34. h5 gxh5 35. Rf5 h4 36. Rh5 Qc7 37. Qf2 Qe7 38. Qf5 Rb8 39. Rh6 h3 40. Rxh3
Qg7 41. Qe6 Rd8 42. Rg3 Ng6 43. Rg5 Nf4 44. Qg4 Ng6 45. Bb3 Rf8 46. Rxa5 Ne5
47. Qe6 Qg6 48. Ka2 Nc6 49. Qxg6 hxg6 50. Ra6 Ne5 51. Rxd6 g5 52. Re6 Nf3 53.
Bd5 Rd8 54. Rf6 g4 55. Rg6 Ne5 56. Rg5 Re8 57. a5 Re7 58. a6 1-0

[Event "PSV Duisburg 1 - SG Bochum 2"]
[Site "NRW-Klasse, Gruppe 1 2013/201"]
[Date "2014.04.27"]
[Round "9.4"]
[White "Wengenroth, Walter"]
[Black "Kitte, Sebastian"]
[Result "0-1"]
[WhiteElo "2207"]
[BlackElo "2265"]
[PlyCount "60"]
[EventDate "2014.??.??"]
[WhiteTeam "PSV Duisburg 1"]
[BlackTeam "SG Bochum 2"]

1. e4 c5 2. Nf3 e6 3. d4 cxd4 4. Nxd4 a6 5. Bd3 Bc5 6. Nb3 Be7 7. Qg4 Bf6 8.
O-O Nc6 9. f4 d6 10. Nc3 Nge7 11. Qh5 g6 12. Qh6 d5 13. e5 Ng8 14. Qh3 Bg7 15.
Ne2 Qc7 16. Be3 b6 17. Rac1 Nge7 18. a3 O-O 19. c4 f6 20. Nbd4 fxe5 21. Nxc6
Nxc6 22. cxd5 exd5 23. f5 e4 24. Bb1 Bxf5 25. Rxf5 Rxf5 26. Ng3 Rf6 27. Ba2 Qe5
28. Qd7 Rd8 29. Qb7 Ne7 30. Bxb6 Rb8 0-1

[Event "PSV Duisburg 1 - SG Bochum 2"]
[Site "NRW-Klasse, Gruppe 1 2013/201"]
[Date "2014.04.27"]
[Round "9.5"]
[White "Kahleys, Kevin"]
[Black "Heisel, Guido"]
[Result "0-1"]
[WhiteElo "2224"]
[BlackElo "2094"]
[Annotator "Doe,John"]
[PlyCount "182"]
[EventDate "2014.??.??"]
[WhiteTeam "SG Bochum 2"]
[BlackTeam "PSV Duisburg 1"]

1. Nf3 d5 2. d4 e6 3. g3 c5 4. Bg2 Nc6 5. O-O Nf6 6. c4 Be7 7. cxd5 exd5 8. Nc3
O-O 9. dxc5 Bxc5 10. Na4 Be7 11. b3 Re8 12. Bb2 Bg4 $11 13. Rc1 Rc8 14. Qd3 Nb4
15. Qb1 Bh5 16. Bd4 b6 17. Rxc8 Qxc8 18. Rc1 Qe6 19. a3 Bg6 20. Qb2 Nc6 21. Ng5
Qd6 22. Be3 Na5 23. b4 Nc4 24. Qb3 Nxe3 25. Qxe3 Qd7 26. Qb3 Bf8 27. e3 h6 28.
Nf3 Rc8 29. Rxc8 Qxc8 30. Nc3 a5 31. Ne5 Ne4 32. Ne2 Qf5 33. f4 axb4 34. g4 Qe6
35. axb4 Nf6 36. Nxg6 Qxg4 37. Ng3 Qxg6 38. Bxd5 Nxd5 39. Qxd5 Qb1+ 40. Kg2
Qxb4 41. Ne4 Qe1 42. Qe5 Qe2+ 43. Nf2 b5 44. Qb8 b4 45. e4 Qc2 46. e5 b3 47. e6
Qg6+ 48. Kf3 Qxe6 49. Nd3 Qh3+ 50. Ke4 Qg2+ 51. Kd4 Qxh2 52. Qxb3 Qg1+ 53. Ke4
Qg2+ 54. Kd4 Bd6 55. Qb5 Qg6 56. Qd5 Qf6+ 57. Ke4 g6 58. Qa8+ Kh7 59. Qd5 Kg7
60. Ke3 g5 61. fxg5 hxg5 62. Nf2 Qe5+ 63. Qxe5+ Bxe5 64. Ke4 Bg3 65. Ng4 Kg6
66. Ne3 Bc7 67. Nf5 g4 68. Ne3 Kg5 69. Nf5 f6 70. Nd4 Be5 71. Nf5 Bc3 72. Ng3
Bb2 73. Nf5 Bc1 74. Ng3 Bf4 75. Ne2 f5+ 76. Kd3 Bc7 77. Nd4 Bb6 78. Ne6+ Kf6
79. Nf4 Ba7 80. Ke2 Bb8 81. Nd3 f4 82. Kf2 Kf5 83. Nc1 Ke4 84. Ne2 Ba7+ 85. Kf1
Bd4 86. Ke1 Be5 87. Ng1 f3 88. Kf1 Bd4 89. Ne2 fxe2+ 90. Kg2 e1=Q 91. Kh2 Qg1#
0-1

[Event "PSV Duisburg 1 - SG Bochum 2"]
[Site "NRW-Klasse, Gruppe 1 2013/201"]
[Date "2014.04.27"]
[Round "9.6"]
[White "Kleff, Andre"]
[Black "Mazarov, Juergen"]
[Result "1/2-1/2"]
[WhiteElo "2108"]
[BlackElo "2122"]
[Annotator "Doe,John"]
[PlyCount "50"]
[EventDate "2014.??.??"]
[WhiteTeam "PSV Duisburg 1"]
[BlackTeam "SG Bochum 2"]

1. d4 d5 2. Bf4 Nf6 3. e3 g6 4. h3 Bg7 5. Nd2 c5 6. c3 cxd4 7. exd4 Bf5 8. Ngf3
Nc6 9. Qb3 Na5 10. Qa4+ Bd7 11. Bb5 O-O 12. Bxd7 $11 Nxd7 13. O-O a6 14. Rfe1
b5 15. Qa3 Nc6 16. Qb3 e6 17. a3 Qb6 18. Qd1 Rfc8 19. h4 a5 20. h5 b4 21. axb4
axb4 22. Rxa8 Rxa8 23. hxg6 hxg6 24. Ng5 bxc3 25. bxc3 e5 1/2-1/2

[Event "PSV Duisburg 1 - SG Bochum 2"]
[Site "NRW-Klasse, Gruppe 1 2013/201"]
[Date "2014.04.27"]
[Round "9.7"]
[White "Nikolaiczuk, Lothar"]
[Black "Sponheim, Marko"]
[Result "1-0"]
[WhiteElo "2196"]
[BlackElo "2023"]
[PlyCount "89"]
[EventDate "2014.??.??"]
[WhiteTeam "SG Bochum 2"]
[BlackTeam "PSV Duisburg 1"]

1. Nf3 c5 2. c4 Nf6 3. e3 g6 4. d4 Bg7 5. Nc3 O-O 6. Be2 cxd4 7. exd4 h6 8. O-O
d5 9. h3 Nc6 10. Re1 Be6 11. b3 Ne4 12. Bb2 Nxc3 13. Bxc3 b6 14. Qd2 Qd7 15.
Rad1 Rad8 16. Qe3 Qc7 17. Bd3 Bf5 18. cxd5 Rxd5 19. Bc4 Rdd8 20. d5 Bxc3 21.
Qxc3 Na5 22. Qe3 Kh7 23. Rd4 Kg7 24. Qxe7 Qd6 25. Bb5 Bc8 26. b4 Nb7 27. Bc6
Qxe7 28. Rxe7 Nd6 29. Rxa7 Nf5 30. Rd1 h5 31. Nd4 Nxd4 32. Rxd4 Rd6 33. Re4 Bf5
34. Ree7 Kf6 35. a4 Be6 36. dxe6 Rxc6 37. Rxf7+ Rxf7 38. exf7 Kg7 39. g3 Rc4
40. b5 Rb4 41. h4 Rb3 42. Rb7 Rb4 43. Rxb6 Rxa4 44. Rxg6+ Kxf7 45. Rg5 1-0

[Event "PSV Duisburg 1 - SG Bochum 2"]
[Site "NRW-Klasse, Gruppe 1 2013/201"]
[Date "2014.04.27"]
[Round "9.8"]
[White "Sirringhaus, Wilfried"]
[Black "Werthebach, Felix"]
[Result "0-1"]
[WhiteElo "2100"]
[BlackElo "2134"]
[PlyCount "68"]
[EventDate "2014.??.??"]
[WhiteTeam "PSV Duisburg 1"]
[BlackTeam "SG Bochum 2"]

1. e4 c5 2. Nf3 e6 3. c3 Nf6 4. e5 Nd5 5. b4 cxb4 6. c4 Nc7 7. d4 d6 8. exd6
Bxd6 9. Bd3 Be7 10. Nbd2 O-O 11. O-O Nc6 12. Bb2 f5 13. Re1 Bf6 14. Nb3 a5 15.
a4 bxa3 16. Bxa3 Re8 17. d5 exd5 18. Rxe8+ Qxe8 19. cxd5 Bxa1 20. dxc6 Bf6 21.
cxb7 Bxb7 22. Bc4+ Kh8 23. Nc5 Rd8 24. Qb3 Bxf3 25. gxf3 Qg6+ 26. Kf1 Qh5 27.
Bf7 Qxh2 28. Nb7 Bd4 29. Qc2 Rb8 30. Nd6 Rb1+ 31. Ke2 Qxf2+ 32. Kd3 Qe3+ 33.
Kc4 Qxa3 34. Nb5 Rb4# 0-1

[Event "Südlohner SV 1 - SF Lieme 1"]
[Site "NRW-Klasse, Gruppe 1 2013/201"]
[Date "2014.04.27"]
[Round "9.1"]
[White "Schmitz, Philipp"]
[Black "Funke, Reinhard"]
[Result "1-0"]
[WhiteElo "2196"]
[BlackElo "2126"]
[PlyCount "61"]
[EventDate "2014.??.??"]
[WhiteTeam "SF Lieme 1"]
[BlackTeam "Südlohner SV 1"]

1. e4 c5 2. Nf3 d6 3. d4 cxd4 4. Nxd4 Nf6 5. Nc3 a6 6. h3 e5 7. Nde2 Be6 8. g4
d5 9. exd5 Nxd5 10. Bg2 Nxc3 11. Qxd8+ Kxd8 12. Nxc3 Nc6 13. Be3 Kc7 14. O-O-O
Re8 15. f4 f6 16. f5 Bf7 17. Na4 Be7 18. Bb6+ Kc8 19. Rd2 Bd8 20. Rhd1 Bxb6 21.
Nxb6+ Kc7 22. Rd7+ Kxb6 23. Rxf7 e4 24. Rdd7 Re5 25. Rxb7+ Ka5 26. Rfd7 Rc8 27.
c3 g6 28. b3 gxf5 29. Kb2 Nd8 30. Rxd8 Rxd8 31. Ka3 1-0

[Event "Südlohner SV 1 - SF Lieme 1"]
[Site "NRW-Klasse, Gruppe 1 2013/201"]
[Date "2014.04.27"]
[Round "9.2"]
[White "Kolakovic, Klaudio"]
[Black "Wittke, Rene"]
[Result "0-1"]
[WhiteElo "2002"]
[BlackElo "2145"]
[Annotator "Doe,John"]
[PlyCount "124"]
[EventDate "2014.??.??"]
[WhiteTeam "Südlohner SV 1"]
[BlackTeam "SF Lieme 1"]

1. d4 d5 2. e3 Nf6 3. Bd3 g6 4. Ne2 Bg7 5. f3 c5 6. c3 O-O 7. Nd2 Nc6 8. f4
cxd4 9. exd4 Bf5 10. Qc2 Qc8 11. Bxf5 Qxf5 12. Qxf5 gxf5 13. O-O Rac8 14. Nb3
Ne4 15. Ng3 e6 16. Nxe4 fxe4 17. f5 exf5 18. Rxf5 Ne7 19. Rf2 b6 20. Be3 Rc6
21. Nd2 f5 22. Nf1 Kf7 23. Ng3 Kg6 24. Ne2 Bh6 25. Bxh6 Kxh6 26. Nf4 b5 27. Re1
a5 28. Re3 Rfc8 29. Ne2 b4 30. Rf4 Kg7 31. Rg3+ Rg6 32. Re3 Kf6 33. g3 Rg7 34.
Rf1 Ng6 35. Kh1 Ke6 36. cxb4 axb4 37. Rb3 Rc2 38. Re1 f4 39. gxf4 Nh4 40. Ng3
Rc4 41. a3 $11 Rxd4 42. axb4 Rb7 43. b5 Rc4 44. Ra1 Rc2 45. Ra6+ Kf7 46. Nf1
Nf5 47. b6 d4 48. Ra7 Nd6 49. Ng3 e3 50. Kg1 Ke6 51. Rxb7 Nxb7 52. f5+ Kd5 53.
f6 Kc4 54. Ra3 d3 55. Rc3+ Rxc3 56. f7 d2 57. f8=Q d1=Q+ 58. Kg2 Rc2+ 59. Kh3
Qd7+ 60. Nf5 Rf2 61. Qg8+ Kc5 62. Qf8+ Kb5 0-1

[Event "Südlohner SV 1 - SF Lieme 1"]
[Site "NRW-Klasse, Gruppe 1 2013/201"]
[Date "2014.04.27"]
[Round "9.3"]
[White "Essing, Arnold"]
[Black "Darwisch, Khaled"]
[Result "1-0"]
[WhiteElo "2160"]
[BlackElo "1990"]
[PlyCount "64"]
[EventDate "2014.??.??"]
[WhiteTeam "SF Lieme 1"]
[BlackTeam "Südlohner SV 1"]

1. d4 d6 2. Nf3 g6 3. g3 Bg7 4. Bg2 Nf6 5. O-O O-O 6. c4 Nc6 7. Nc3 e5 8. d5
Ne7 9. Ne1 Ne8 10. e4 f5 11. Nd3 Nf6 12. f4 Nxe4 13. Nxe4 fxe4 14. Bxe4 Bh3 15.
Re1 Qd7 16. fxe5 dxe5 17. Bd2 Rae8 18. Bb4 b6 19. Nf2 Bf5 20. Bg2 a5 21. Ba3 g5
22. Qd2 h6 23. Rad1 Rf7 24. c5 Nc8 25. c6 Qd8 26. g4 Bg6 27. d6 cxd6 28. Bd5
Bf8 29. Ne4 Bxe4 30. Rxe4 Kg7 31. Bxf7 Kxf7 32. Qd5+ Kg7 1-0

[Event "Südlohner SV 1 - SF Lieme 1"]
[Site "NRW-Klasse, Gruppe 1 2013/201"]
[Date "2014.04.27"]
[Round "9.4"]
[White "Doennebrink, Elmar"]
[Black "Himpenmacher, Andy"]
[Result "0-1"]
[WhiteElo "2044"]
[BlackElo "2078"]
[PlyCount "54"]
[EventDate "2014.??.??"]
[WhiteTeam "Südlohner SV 1"]
[BlackTeam "SF Lieme 1"]

1. e4 c5 2. b3 Nc6 3. Bb2 Nf6 4. Nc3 d6 5. f4 e5 6. fxe5 dxe5 7. Bb5 Bd7 8.
Bxc6 Bxc6 9. Qe2 Bd6 10. O-O-O Nd7 11. Nf3 O-O 12. h4 Re8 13. Ng5 h6 14. Qh5
Qe7 15. Rdf1 Nf6 16. Qe2 b5 17. g4 Bd7 18. Rxf6 Qxf6 19. Nd5 Qg6 20. Nf3 Bxg4
21. h5 Bxh5 22. Qe3 Bxf3 23. Qxf3 Rac8 24. Ne3 c4 25. bxc4 bxc4 26. Nf5 Bf8 27.
Qh3 Rb8 0-1

[Event "Südlohner SV 1 - SF Lieme 1"]
[Site "NRW-Klasse, Gruppe 1 2013/201"]
[Date "2014.04.27"]
[Round "9.5"]
[White "Schaffarczyk, Andre"]
[Black "Hater, Wolfgang"]
[Result "1/2-1/2"]
[WhiteElo "2027"]
[BlackElo "2056"]
[PlyCount "84"]
[EventDate "2014.??.??"]
[WhiteTeam "SF Lieme 1"]
[BlackTeam "Südlohner SV 1"]

1. e4 e5 2. Nf3 Nc6 3. d4 exd4 4. Nxd4 d6 5. Bb5 Bd7 6. O-O Nf6 7. Nc3 Be7 8.
Re1 O-O 9. Bxc6 Bxc6 10. Qf3 Nd7 11. Nf5 Bf6 12. Bd2 Re8 13. Re3 Ne5 14. Qe2
Ng6 15. Rh3 Nf8 16. Qg4 g6 17. Re1 Ne6 18. Ree3 Bg5 19. Nd5 h5 20. Bc3 Bxd5 21.
Rxh5 Bf6 22. exd5 Ng7 23. Nxg7 Rxe3 24. fxe3 Bxc3 25. bxc3 Kxg7 26. Qd4+ f6 27.
Rh3 Qg8 28. c4 b6 29. Qg4 Rf8 30. Qf4 Re8 31. Qh6+ Kf7 32. Rf3 Qg7 33. Qh3 f5
34. g4 Qa1+ 35. Kg2 Rg8 36. Qh7+ Rg7 37. Qh8 Qd1 38. Qd8 Qxc2+ 39. Kg3 Qxc4 40.
Qd7+ Kg8 41. Qd8+ Kh7 42. Qh4+ Kg8 1/2-1/2

[Event "Südlohner SV 1 - SF Lieme 1"]
[Site "NRW-Klasse, Gruppe 1 2013/201"]
[Date "2014.04.27"]
[Round "9.6"]
[White "Boecker, Manfred"]
[Black "Stukenbrok, Nils"]
[Result "0-1"]
[WhiteElo "1870"]
[BlackElo "1993"]
[Annotator "Doe,John"]
[PlyCount "94"]
[EventDate "2014.??.??"]
[WhiteTeam "Südlohner SV 1"]
[BlackTeam "SF Lieme 1"]

1. d4 Nf6 2. e3 g6 3. b3 Bg7 4. Bb2 O-O 5. Nf3 d6 6. Be2 Nbd7 7. Nbd2 c6 8. c4
Qc7 9. O-O Rd8 10. Qc2 b6 11. Rfe1 Bb7 12. Rad1 a5 13. a4 Re8 14. Ba3 c5 15. d5
e5 16. e4 Nb8 17. Nb1 Na6 18. Nc3 Nb4 19. Qb1 Rf8 20. Bc1 $11 Qe7 21. Bd2 Bc8
22. Qc1 Ne8 23. Nb5 f5 24. Bg5 Bf6 25. Bh6 Bg7 26. Bg5 Qd7 27. exf5 gxf5 28.
Bh6 f4 29. Bxg7 Qxg7 30. Nc3 Nf6 31. Qb1 Kh8 32. Rd2 Bh3 33. g3 Rae8 34. Bf1
Bg4 35. Nh4 Qg5 36. Rb2 Rg8 37. Kh1 Qxh4 38. gxh4 Bf3+ 39. Bg2 Rxg2 40. Qd1
Rxf2+ 41. Kg1 Bxd1 42. Rxf2 Bxb3 43. Ne4 Rg8+ 44. Kh1 Nxe4 45. Rxe4 Bxa4 46. h5
Bd1 47. h6 f3 0-1

[Event "Südlohner SV 1 - SF Lieme 1"]
[Site "NRW-Klasse, Gruppe 1 2013/201"]
[Date "2014.04.27"]
[Round "9.7"]
[White "Stork, Holger"]
[Black "Teloeken, Andreas"]
[Result "1-0"]
[WhiteElo "1991"]
[BlackElo "1971"]
[PlyCount "75"]
[EventDate "2014.??.??"]
[WhiteTeam "SF Lieme 1"]
[BlackTeam "Südlohner SV 1"]

1. e4 d5 2. exd5 Qxd5 3. Nc3 Qa5 4. d4 Nf6 5. Nf3 c6 6. Bc4 Bf5 7. Ne5 e6 8.
Qe2 Nbd7 9. Nxd7 Nxd7 10. Bd2 Bb4 11. a3 Bxc2 12. Rc1 Bxc3 13. Bxc3 Qg5 14. f4
Qxf4 15. Rxc2 Nb6 16. Bb3 O-O 17. Qf2 Qe4+ 18. Re2 Qb1+ 19. Bd1 Nd5 20. O-O
Nxc3 21. bxc3 Qc1 22. Re3 Qxa3 23. Qh4 Rae8 24. Rh3 h6 25. Qg3 Kh7 26. Bh5 Re7
27. Qd3+ f5 28. Bd1 Qc1 29. Re3 Qa3 30. Bc2 g6 31. Rfe1 Qd6 32. Re5 Rf6 33. Kh1
b6 34. Qc4 Kg7 35. Bb3 Kf7 36. Qe2 g5 37. Qf3 a5 38. Rxf5 1-0